|
000
|
00909nam0 2200265 450
|
|
001
|
012023000132
|
|
005
|
20190321160409.6
|
|
010
|
|
@a978-7-5429-6064-1@dCNY46.00
|
|
100
|
|
@a20190316d2019 em y0chiy50 ea
|
|
101
|
0
|
@achi
|
|
102
|
|
@aCN@b310000
|
|
105
|
|
@ak a 000yy
|
|
106
|
|
@ar
|
|
200
|
1
|
@a税务会计教程@Ashui wu kuai ji jiao cheng@f苏喜兰主编
|
|
205
|
|
@a第3版
|
|
210
|
|
@a上海@c立信会计出版社@d2019.2
|
|
215
|
|
@a341页@d26cm
|
|
300
|
|
@a普通高等教育“十三五”规划教材
|
|
320
|
|
@a有书目 (第341页)
|
|
330
|
|
@a本书共有十章: 税务会计概率; 增值税会计; 消费税会计; 关税会计; 出口退 (免) 税会计; 企业所得税会计; 个人所得税会计; 资源所得税会计; 土地增值税会计; 其他税会计。
|
|
606
|
0
|
@a税收会计@Ashui shou kuai ji@x高等学校@j教材
|
|
690
|
|
@aF81@v5
|
|
701
|
0
|
@a苏喜兰@Asu xi lan@4主编
|
|
801
|
0
|
@aCN@bCDNYKJZYXY@c20190316
|
|
905
|
|
@aCDNYKJZYXY@b300695278-80@dF81@e378@f3
|
|
|
|
|
| |
| 税务会计教程/苏喜兰主编.-第3版.-上海:立信会计出版社,2019.2 |
| 341页;26cm |
| 普通高等教育“十三五”规划教材 |
| |
| ISBN 978-7-5429-6064-1:CNY46.00 |
| 本书共有十章: 税务会计概率; 增值税会计; 消费税会计; 关税会计; 出口退 (免) 税会计; 企业所得税会计; 个人所得税会计; 资源所得税会计; 土地增值税会计; 其他税会计。 |
| ● |
正题名:税务会计教程
索取号:F81/378
 
预约/预借
| 序号
|
登录号
|
条形码
|
馆藏地/架位号
|
状态
|
备注
|
|
1
|
695278
|
300695278
|
柳城-5楼/22架2列2层/
[索取号:F81/378]
|
在馆
|
|
|
2
|
695279
|
300695279
|
柳城-5楼/22架2列2层/
[索取号:F81/378]
|
在馆
|
|
|
3
|
695280
|
300695280
|
柳城-5楼/22架2列2层/
[索取号:F81/378]
|
在馆
|
|